Experimental pharmacognosy

Zapisane w:
Opis bibliograficzny
Główni autorzy: Tyler, Varro E (Autor), Schwarting, Arthur E (Autor)
Format: Książka
Język:angielski
Wydane: Minneapolis Burgess Publishing 1958
Hasła przedmiotowe:
Etykiety: Dodaj etykietę
Nie ma etykietki, Dołącz pierwszą etykiete!

MARC

LEADER 00000nam a2200000 a 4500
001 UCG0940
003 CL-VaPUC
008 100415e19580000US |||||||||||||||||eng|d
082 0 4 |a 570.724  |b TYL  |2 21 
100 0 |a Tyler, Varro E  |e author  |9 548607 
700 0 |a Schwarting, Arthur E  |e author  |9 548608 
245 1 0 |a Experimental pharmacognosy 
300 |a 81 p 
942 |c BK 
945 |d 20100415 00:00:00  |a rbrito 
260 |a Minneapolis  |b Burgess Publishing  |c 1958 
650 0 |a Bioquímica   |9 259492 
650 0 |a Análisis de laboratorio   |9 334379 
650 7 |a MICROSCOPIO  |2 CL-VaPUC  |9 343016 
650 0 |a Histología   |9 264868 
583 |a last modification  |c 20131230 06:36:23  |k Rodrigo Vera 
999 |c 340421  |d 340419